000 01007nam a2200253 a 4500
001 12915
003 BD-JhCC
005 20230604092914.0
008 230604s2021 b |||| |||| 000 0 b d
020 _a9789848041338
035 _a(BD-JhCC)
040 _aBD-JhCC
_dBD-JhCC
041 _aeng
082 _a297.74
_bZIB 2021
100 _aজীবরীল, শাইখ মূসা
245 _aবিপদ যখন নিয়ামাত /
_cশাইখ মূসা জীবরীল, উসতাদ আলি হাম্মুদা এবং উসতাদ শাওয়ানা এ. আযীয
260 _aঢাকা :
_bসন্দীপন প্রকাশন লিমিটেড,
_c২০২১
300 _a৮৬ পৃ. :
_c২১ সেমি.
650 _aIslam
650 _aDawa
700 _aহাম্মুদা, উসতাদ আলি
700 _aআব্দুল আযীয, উসতাদ শাওয়ানা
942 _2ddc
_cBK
999 _c12915
_d12915